|
|
|
|
| LEADER |
00699 a2200181 4500 |
| 020 |
|
|
|a 9788170337140
|
| 082 |
|
|
|a 910.285
|b RAM/G
|
| 100 |
|
|
|a ,
|9 132651
|
| 245 |
|
|
|a Geographic information systems:
|b theory and practice/
|c by Ram Mohan Rao (ed.) and Afzal Sharieff (ed.)
|
| 260 |
|
|
|b Rawat Publications,
|a Jaipur:
|c 2018.
|
| 300 |
|
|
|a 200p.
|
| 650 |
|
|
|a Geographic Information
|9 132652
|
| 650 |
|
|
|a Geography
|9 132653
|
| 700 |
|
|
|a Ram Mohan Rao (ed.)
|9 132654
|
| 700 |
|
|
|a Afzal Sharieff (ed.)
|9 132655
|
| 942 |
|
|
|c BK
|
| 999 |
|
|
|c 138084
|d 138084
|
| 952 |
|
|
|0 0
|1 0
|4 0
|6 910_285000000000000_RAM_G
|7 0
|9 95357
|a SSUS
|b SSUS
|c STACKS
|d 2019-03-20
|g 750.00
|l 1
|o 910.285 RAM/G
|p 093829
|r 2019-10-10
|s 2019-08-27
|w 2019-03-20
|y BK
|